Home Print Resources E-Books E-Journals IIMT Lecture Series Library Membership Form Book Recommendation Form Campus Tour Take AdmissionAbout Us Contact Us

SURVEYING VOL-II (Record no. 52289)

000 -LEADER
fixed length control field 00359nam a22001577a 4500
003 - CONTROL NUMBER IDENTIFIER
control field OSt
005 - DATE AND TIME OF LATEST TRANSACTION
control field 20240409120053.0
008 - FIXED-LENGTH DATA ELEMENTS--GENERAL INFORMATION
fixed length control field 220615b xxu||||| |||| 00| 0 eng d
020 ## - INTERNATIONAL STANDARD BOOK NUMBER
International Standard Book Number 1259029832
040 ## - CATALOGING SOURCE
Transcribing agency IIMT UNIVERSITY, MEERUT
100 ## - MAIN ENTRY--PERSONAL NAME
Personal name DUGGAL,S.K.
245 ## - TITLE STATEMENT
Title SURVEYING VOL-II
260 ## - PUBLICATION, DISTRIBUTION, ETC.
Place of publication, distribution, etc. DELHI
Name of publisher, distributor, etc. THM
Date of publication, distribution, etc. 2010
300 ## - PHYSICAL DESCRIPTION
Extent 449
942 ## - ADDED ENTRY ELEMENTS (KOHA)
Source of classification or shelving scheme
Koha item type Book Bank
Holdings
Withdrawn status Lost status Source of classification or shelving scheme Damaged status Not for loan Home library Current library Date acquired Source of acquisition Barcode Date last seen Price effective from Koha item type Total Checkouts
          IIMT University Central Library Meerut IIMT University Central Library Meerut 06/15/2022 TRANSFER FROM ARCHITECTURE LIBRARY 01-B-136151 06/15/2022 06/15/2022 Reference Book  
          IIMT University Central Library Meerut IIMT University Central Library Meerut 06/15/2022 TRANSFER FROM ARCHITECTURE LIBRARY 01-B-136152 06/15/2022 06/15/2022 Book Bank  
          IIMT University Central Library Meerut IIMT University Central Library Meerut 06/15/2022 TRANSFER FROM ARCHITECTURE LIBRARY 01-B-136153 06/15/2022 06/15/2022 Book Bank  
          IIMT University Central Library Meerut IIMT University Central Library Meerut 06/15/2022 TRANSFER FROM ARCHITECTURE LIBRARY 01-B-136154 06/15/2022 06/15/2022 Book Bank  
          IIMT University Central Library Meerut IIMT University Central Library Meerut 06/15/2022 TRANSFER FROM ARCHITECTURE LIBRARY 01-B-136155 06/15/2022 06/15/2022 Book Bank  
          IIMT University Central Library Meerut IIMT University Central Library Meerut 06/15/2022 TRANSFER FROM ARCHITECTURE LIBRARY 01-B-136156 06/15/2022 06/15/2022 Book Bank  
          IIMT University Central Library Meerut IIMT University Central Library Meerut 06/15/2022 TRANSFER FROM ARCHITECTURE LIBRARY 01-B-136157 06/15/2022 06/15/2022 Book Bank  
          IIMT University Central Library Meerut IIMT University Central Library Meerut 06/15/2022 TRANSFER FROM ARCHITECTURE LIBRARY 01-B-136158 06/15/2022 06/15/2022 Book Bank  
          IIMT University Central Library Meerut IIMT University Central Library Meerut 06/15/2022 TRANSFER FROM ARCHITECTURE LIBRARY 01-B-136159 06/15/2022 06/15/2022 Book Bank  
          IIMT University Central Library Meerut IIMT University Central Library Meerut 06/15/2022 TRANSFER FROM ARCHITECTURE LIBRARY 01-B-136160 06/15/2022 06/15/2022 Book Bank  
IIMT, Central Library. All Rights Reserved IIMT,UNIVERSITY © 2023
Implemented and Customised by I CLOUDE EMS
You Are OPAC Visitor No
free web counter

Powered by Koha